| 000 | 00676nam a22002417a 4500 | ||
|---|---|---|---|
| 999 |
_c14754 _d14754 |
||
| 003 | MIRAKIL | ||
| 005 | 20220119133252.0 | ||
| 008 | 220119b tu ||||| |||| 00| 0 tur d | ||
| 020 | _a9786059093125 | ||
| 040 |
_aTR-AnCHP _btur _cTR-AnCHP |
||
| 041 | _atur | ||
| 082 |
_a297.184 _bE45i 2017 |
||
| 100 | _aEliaçık, R. İhsan | ||
| 245 |
_aİslam'da sosyal değişim ve devrimler / _cR. İhsan Eliaçık. |
||
| 250 | _a6 bs. | ||
| 260 |
_aİstanbul: _bDoğu Kitabevi, _c2017. |
||
| 300 |
_a222 s.: _c20 sm. |
||
| 490 | 0 |
_aDoğu Kitabevi; _v43. |
|
| 504 | _aKaynakça vardır. | ||
| 650 | 4 |
_aİslam dini _91057 |
|
| 650 | 0 |
_aİslam sosyolojisi _96948 |
|
| 942 |
_2ddc _cBKS |
||